| 000 | 00591nam a2200169 a 4500 | ||
|---|---|---|---|
| 001 | 000042811 | ||
| 005 | 20201002040420.0 | ||
| 008 | 140210s1998 sp 000 0 spa d | ||
| 020 | _a8449306248 | ||
| 040 |
_aDO-SdBNP _bspa _cBNPHU |
||
| 100 | 1 |
_aBrzezinski, Zbigniew _951714 |
|
| 245 | 1 | 3 |
_aEl gran tablero mundial : _bla supremacía estadounidense y sus imperativos geoestratégicos / _cZbigniew Brzezinski. |
| 260 |
_aBarcelona : _bPaidós, _c1998. |
||
| 300 |
_a229 p. ; _c24 cm. |
||
| 500 | _aIncluye índice | ||
| 504 | _aIcluye referencias bibliográficas y notas al pie de las páginas | ||
| 999 |
_c42300 _d42300 |
||